| 000 | 00397nam a22001697a 4500 | ||
|---|---|---|---|
| 005 | 20160625155037.0 | ||
| 008 | 160625b xxu||||| |||| 00| 0 eng d | ||
| 020 | _a0-415-93996-8 | ||
| 041 | _aeng | ||
| 082 | _b10240 | ||
| 100 |
_aEvereth, Anna, and Caldwell, John T _92807 |
||
| 245 | _aNew Media | ||
| 260 | _bRoutledge | ||
| 300 | _a264 | ||
| 650 |
_aMass Communication _92660 |
||
| 942 | _cBK | ||
| 999 |
_c4064 _d4063 |
||